[Event "Stuttgart-chA int"]
[Site "Ditzingen"]
[Date "2013.05.10"]
[Round "4"]
[White "Wenninger, Philipp"]
[Black "Bueter, Norbert"]
[Result "1-0"]
[WhiteElo "2220"]
[BlackElo "2048"]
[PlyCount "153"]
[EventDate "2013.05.09"]
[EventType "swiss"]
[EventRounds "7"]
[EventCountry "GER"]
[SourceTitle "EXT 2014"]
[Source "ChessBase"]
[SourceDate "2013.11.20"]
[SourceVersion "1"]
[SourceVersionDate "2013.11.20"]
[SourceQuality "1"]

1. d4 d6 2. c4 e5 3. Nc3 exd4 4. Qxd4 Nc6 5. Qd2 g6 6. b3 Bg7 7. Bb2 Nf6 8. Nf3 Bf5 9. g3 0-0 10. Bg2 Re8 11. 0-0 Ne4 12. Nxe4 Bxe4 13. Rad1 Qe7 14. Bxg7 Kxg7 15. Qc3+ Qf6 16. Qxf6+ Kxf6 17. Rd2 Re7 18. Rfd1 Rae8 19. Kf1 Kg7 20. Ne1 Bxg2+ 21. Nxg2 Nb4 22. Nf4 Na6 23. Nd5 Rd7 24. Nc3 Nc5 25. f3 a5 26. Kf2 f5 27. Nd5 Rf7 28. Rb1 Na6 29. a3 Re5 30. Rbb2 Nc5 31. b4 Na4 32. Rb3 c6 33. Nf4 Nb6 34. Rc3 axb4 35. axb4 d5 36. cxd5 Nxd5 37. Nxd5 Rxd5 38. Rxd5 cxd5 39. Rc5 Rd7 40. Ke3 Kf6 41. Kd4 Ke6 42. Rb5 g5 43. Rb6+ Kf7 44. Ke5 f4 45. gxf4 Re7+ 46. Kf5 gxf4 47. Rf6+ Kg7 48. Re6 Rc7 49. Ke5 Kf7 50. Rf6+ Kg7 51. Rxf4 Re7+ 52. Kxd5 Rxe2 53. h4 Rc2 54. Rc4 Rf2 55. Ke4 Rh2 56. Rc7+ Kg6 57. Rxb7 Rxh4+ 58. f4 Rh1 59. Rb6+ Kf7 60. Ke5 h5 61. Rb7+ Ke8 62. f5 h4 63. Kf6 h3 64. Rh7 h2 65. b5 Rb1 66. Rh8+ Kd7 67. Rxh2 Rxb5 68. Re2 Rb6+ 69. Kg7 Rb1 70. f6 Rg1+ 71. Kf8 Rf1 72. f7 Rg1 73. Rd2+ Kc7 74. Rd4 Re1 75. Rf4 Kd7 76. Kg7 Rg1+ 77. Kf6 1-0

[Event "Stuttgart-chA int"]
[Site "Ditzingen"]
[Date "2013.05.09"]
[Round "1"]
[White "Bueter, Norbert"]
[Black "Helmich, Joerg"]
[Result "1-0"]
[WhiteElo "2048"]
[BlackElo "1803"]
[PlyCount "37"]
[EventDate "2013.05.09"]
[EventType "swiss"]
[EventRounds "7"]
[EventCountry "GER"]
[SourceTitle "EXT 2014"]
[Source "ChessBase"]
[SourceDate "2013.11.20"]
[SourceVersion "1"]
[SourceVersionDate "2013.11.20"]
[SourceQuality "1"]

1. d4 Nf6 2. c4 g6 3. Nc3 d5 4. cxd5 Nxd5 5. Bd2 Bg7 6. e4 Nb6 7. Be3 0-0 8. Nf3 Nc6 9. h3 e5 10. d5 Ne7 11. Bd3 c6 12. Bc5 cxd5 13. exd5 Re8 14. d6 Nf5 15. Bb5 Bd7 16. 0-0 Rc8 17. Bxb6 axb6 18. Re1 Bc6 19. d7 1-0

[Event "Stuttgart-chA int"]
[Site "Ditzingen"]
[Date "2009.05.22"]
[Round "4"]
[White "Bueter, Norbert"]
[Black "Stitterich, Nadine"]
[Result "1-0"]
[WhiteElo "2074"]
[BlackElo "1918"]
[PlyCount "79"]
[EventDate "2009.05.21"]
[EventType "swiss"]
[EventRounds "7"]
[EventCountry "GER"]
[SourceTitle "EXT 2018"]
[Source "ChessBase"]
[SourceDate "2017.10.13"]
[SourceVersion "1"]
[SourceVersionDate "2017.10.13"]
[SourceQuality "1"]

1. d4 Nf6 2. c4 g6 3. Nc3 Bg7 4. e4 d6 5. Bd3 0-0 6. Nge2 e5 7. f3 Nc6 8. Be3 Nd7 9. d5 Nb4 10. Bb1 a5 11. a3 Na6 12. Bc2 Nac5 13. b4 axb4 14. axb4 Rxa1 15. Qxa1 Na6 16. Qa3 f5 17. 0-0 f4 18. Bf2 Qg5 19. Kh1 Qe7 20. Bd3 h5 21. Na4 g5 22. c5 g4 23. c6 Nf6 24. Nac3 gxf3 25. gxf3 Nb8 26. b5 Qf7 27. Rg1 h4 28. Nc1 Qh5 29. Be2 bxc6 30. Qa7 Nbd7 31. dxc6 Nc5 32. Qxc7 Ne6 33. Qe7 Kh8 34. Nd5 Ng5 35. Nxf6 Rxf6 36. Qd8+ Kh7 37. Qxc8 Ne6 38. h3 Ng5 39. Qg4 Qxg4 40. Rxg4 1-0

[Event "Stuttgart-chA int"]
[Site "Gerlingen"]
[Date "2007.05.18"]
[Round "3"]
[White "Steinbach, Peter"]
[Black "Bueter, Norbert"]
[Result "1-0"]
[WhiteElo "2104"]
[BlackElo "1859"]
[PlyCount "29"]
[EventDate "2007.05.17"]
[EventType "swiss"]
[EventRounds "7"]
[EventCountry "GER"]
[SourceTitle "EXT 2018"]
[Source "ChessBase"]
[SourceDate "2017.10.13"]
[SourceVersion "1"]
[SourceVersionDate "2017.10.13"]
[SourceQuality "1"]

1. d4 c5 2. dxc5 Na6 3. e4 Nxc5 4. Nc3 g6 5. Qd4 e5 6. Qxe5+ Qe7 7. Qxh8 f6 8. Qxg8 Nxe4 9. Nxe4 Qxe4+ 10. Be2 d5 11. Bh6 Qb4+ 12. c3 Qxb2 13. Qxf8+ Kd7 14. Rd1 Qxc3+ 15. Bd2 1-0